00333nam a2200133Ia 4500008004100000020001500041041001200056082001600068100001500084245004600099260003100145300000800176650001500184221030s9999 xx 000 0 und d a1403909938 aEnglish a105.23bKau aH. Kaushal 0aCase Study Solutions Materials Management bMacmillanaNew Delhic2003 a238 aCase Study